00344nam a2200133Ia 4500008004100000020001500041041001200056082001100068100001900079245004500098260004400143300000800187650001500195221030s9999 xx 000 0 und d a8131401944 aEnglish a105.23 aK. Seethapathi 4aThe Dynamics of Indian Financial Markets bICFAI University PressaHyderabadc2006 a268 aManagement